| 000 | 00500nam a2200169 4500 | ||
|---|---|---|---|
| 001 | 126311 | ||
| 003 | ES-MaACL | ||
| 005 | 20230906192810.0 | ||
| 007 | t| | ||
| 008 | 070214s1966 sp r ||||1| spa d | ||
| 245 | 0 | 0 |
_aRecientes avances en medicina / _cversión de Juan García San Miguel. |
| 250 | _a1ª. ed. | ||
| 260 |
_aBarcelona : _bToray, _c1966. |
||
| 300 |
_aXII, 704 p., 6 lám. : _bil. ; _c22 cm. |
||
| 700 | 1 |
_aGarcía San Miguel, Juan. _955253 |
|
| 852 |
_aES-MaACL _jC-29261 _bR.59634 |
||
| 999 |
_c126311 _d126311 |
||